The art of negotiation (Record no. 84773)

MARC details
000 -LEADER
fixed length control field 00869cab a22002295a 4500
001 - CONTROL NUMBER
control field L159018
008 - FIXED-LENGTH DATA ELEMENTS--GENERAL INFORMATION
fixed length control field 151209e20151411xxk 000 0 eng d
035 ## - SYSTEM CONTROL NUMBER
System control number (Sirsi) u159018
041 0# - LANGUAGE CODE
Language code of text/sound track or separate title eng
100 1# - MAIN ENTRY--PERSONAL NAME
Personal name Humphreys, Emma
245 04 - TITLE STATEMENT
Title The art of negotiation
260 ## - PUBLICATION, DISTRIBUTION, ETC.
Date of publication, distribution, etc. 2015
490 ## - SERIES STATEMENT
Series statement Estates Gazette
Volume/sequential designation (1545) 14 November 2015, 90-92(3)
520 ## - SUMMARY, ETC.
Summary, etc. Asks whether art should be catered for specifically in a lease. Looks at two cases in this area including, "The Creative Foundation v Dreamland Leisure", and "London Borough of Tower Hamlets v Bromley London Borough Council"
590 ## - LOCAL NOTE (RLIN)
Local note KA
650 24 - SUBJECT ADDED ENTRY--TOPICAL TERM
Topical term or geographic name entry element The Creative Foundation v Dreamland Leisure
650 24 - SUBJECT ADDED ENTRY--TOPICAL TERM
Topical term or geographic name entry element London Borough of Tower Hamlets v Bromley London Borough Council
651 #4 - SUBJECT ADDED ENTRY--GEOGRAPHIC NAME
Geographic name United Kingdom
690 ## - LOCAL SUBJECT ADDED ENTRY--TOPICAL TERM (OCLC, RLIN)
Topical term or geographic name as entry element Landlord and tenant
9 (RLIN) 6252
690 ## - LOCAL SUBJECT ADDED ENTRY--TOPICAL TERM (OCLC, RLIN)
Topical term or geographic name as entry element Leasing/Letting
9 (RLIN) 6253
942 ## - ADDED ENTRY ELEMENTS (KOHA)
Suppress in OPAC 0
Holdings
Withdrawn status Lost status Source of classification or shelving scheme Damaged status Not for loan Home library Current library Shelving location Date acquired Total Checkouts Full call number Barcode Date last seen Copy number Price effective from Koha item type
    Dewey Decimal Classification     London London Journal article 09/12/2015   L159018 159018-1001 06/08/2019 1 06/08/2019 Journal article